Information security illuminated / (Record no. 26440)
[ view plain ]
| 000 -LEADER | |
|---|---|
| fixed length control field | 00923cam a22002655a 4500 |
| 001 - CONTROL NUMBER | |
| control field | 13561571 |
| 005 - DATE AND TIME OF LATEST TRANSACTION | |
| control field | 20201128024314.0 |
| 008 - FIXED-LENGTH DATA ELEMENTS--GENERAL INFORMATION | |
| fixed length control field | 040416t2005 maua frd 001 0 eng d |
| 020 ## - INTERNATIONAL STANDARD BOOK NUMBER | |
| International Standard Book Number | 076372677X |
| 020 ## - INTERNATIONAL STANDARD BOOK NUMBER | |
| International Standard Book Number | 9780763726775 |
| 040 ## - CATALOGING SOURCE | |
| Original cataloging agency | DLC |
| Language of cataloging | eng |
| Transcribing agency | DLC |
| Modifying agency | DLC |
| -- | EG-ScBUE |
| 082 04 - DEWEY DECIMAL CLASSIFICATION NUMBER | |
| Classification number | 005.8 |
| Edition number | 22 |
| Item number | SOL |
| 100 1# - MAIN ENTRY--PERSONAL NAME | |
| Personal name | Solomon, Michael |
| Fuller form of name | (Michael G.), |
| Dates associated with a name | 1963- |
| 245 10 - TITLE STATEMENT | |
| Title | Information security illuminated / |
| Statement of responsibility, etc | Michael G. Solomon, Mike Chapple. |
| 260 ## - PUBLICATION, DISTRIBUTION, ETC. (IMPRINT) | |
| Place of publication, distribution, etc | Sudbury : |
| Name of publisher, distributor, etc | Jones and Bartlett Publishers, |
| Date of publication, distribution, etc | c.2005. |
| 300 ## - PHYSICAL DESCRIPTION | |
| Extent | xxv, 447 p. : |
| Other physical details | ill. ; |
| Dimensions | 24 cm. |
| 500 ## - GENERAL NOTE | |
| General note | Index : p. 433-447. |
| 500 ## - GENERAL NOTE | |
| General note | Glossary : p. 413-431. |
| 650 #7 - SUBJECT ADDED ENTRY--TOPICAL TERM | |
| Topical term or geographic name as entry element | Computer security. |
| Source of heading or term | BUEsh |
| 9 (RLIN) | 2637 |
| 650 #7 - SUBJECT ADDED ENTRY--TOPICAL TERM | |
| Topical term or geographic name as entry element | Computer networks |
| General subdivision | Security measures. |
| Source of heading or term | BUEsh |
| 9 (RLIN) | 2634 |
| 653 ## - INDEX TERM--UNCONTROLLED | |
| Resource For college | Generalities |
| -- | Informatics and Computer Science |
| Arrived date list | April2018 |
| 700 1# - ADDED ENTRY--PERSONAL NAME | |
| Personal name | Chapple, Mike, |
| Dates associated with a name | 1975- |
| 856 41 - ELECTRONIC LOCATION AND ACCESS | |
| Materials specified | Table of contents |
| Uniform Resource Identifier | <a href="http://www.loc.gov/catdir/toc/ecip0417/2004009046.html">http://www.loc.gov/catdir/toc/ecip0417/2004009046.html</a> |
| 942 ## - ADDED ENTRY ELEMENTS (KOHA) | |
| Source of classification or shelving scheme | Dewey Decimal Classification |
| Withdrawn status | Item status | Source of classification or shelving scheme | Damaged status | Not for loan | Home library | Current library | Shelving location | Date acquired | Total Checkouts | Total Renewals | Full call number | Barcode | Date last seen | Date last borrowed | Koha item type |
|---|---|---|---|---|---|---|---|---|---|---|---|---|---|---|---|
| Dewey Decimal Classification | Central Library | Central Library | Lower Floor | 01/04/2018 | 1 | 31 | 005.8 SOL | 000047537 | 15/07/2025 | 10/11/2021 | Book - Borrowing |